Embryologie člověka I. Obecná embryologie a teratologie

Bibliographic Details
Main Author: Klika, Eduard, 1928- (Author)
Format: Book
Language:Undetermined
PhysicalDescription:91 s.
Published: Praha Státní pedagogické nakladatelství 1980

MARC

LEADER 00000nam a2200000 a 4500
001 vtls001262058
003 SK-MaSNL
005 20260416165337.0
008 240315s1980 xx 0 und
035 |a SNK000212941 
040 |a SNK  |b slo  |c SNK  |e AACR2 
100 1 |a Klika, Eduard,  |d 1928-  |4 aut  |9 232216 
245 1 |a Embryologie člověka I.  |b Obecná embryologie a teratologie 
260 |a Praha  |b Státní pedagogické nakladatelství  |c 1980 
300 |a 91 s. 
958 |a OND 
999 |c 970365  |d 972295 
952 |t P60, <04>, [BOOK], {604}  |a SNK  |b SNK  |y VYP  |7 0  |p 17A0011063  |o snkIB 43172/1/1  |0 0  |1 0  |4 0  |d 1996-09-26  |l 0  |r 2005-01-01 00:00:00  |w 2026-02-24